Zawodnicy którzy jako jedyni strzelali na 4 mundialach. - Statystyki

Ogólne statystyki
  • Ten quiz został rozwiązany 335 razy
    248 od ostatniego zresetowania
  • Średni wynik to 4 z 5
Statystyki odpowiedzi
Piłkarz Narodowość Lata Mundiali na których strzelali % Poprawnych
Cristiano Ronaldo
2006, 2010, 2014, 2018, 2022
100%
Lionel Messi
2006, 2014, 2018, 2022
100%
Pele
1958, 1962, 1966, 1970
95%
Miroslav Klose
2002, 2006, 2010, 2014
78%
Uwe Seeler
1958, 1962, 1966, 1970
6%
Nie znaleziono quizów pasujących do podanych kryteriów
Rozkład punktacji
Procent ludzi z każdym wynikiem
Percentyl według liczby udzielonych odpowiedzi
Twoja historia wyników
Nie rozwiązałeś tego quizu od ostatniego zresetowania